00886cas a2200217 a 4500999001700000005001700017008004100034022001400075040003500089041000800124044000700132090000700139245003100146260007600177300002200253650005300275650007400328710005600402942001500458952019500473 c17047d1704720180727164326.0890814c19699999ck rzp r 0???b0spa d a0034-8686 aCO-BoBLA cCO-BoBLAdCO-BoIAVH0 aspa ack aSE00aPlaneación y desarrollo. aBogotá (Colombia) : bDepartamento Nacional de Planeación, c1969-. btablas ; c23 cm.26aEconomíazColombiavPublicaciones periódicas26aDesarrollo económico y socialzColombiavPublicaciones periódicas1 aColombiabDepartamento Nacional de Planeación-DNP 2zcREVISTA 00102z40708HEMEROTECAA1996B2C27IINV2017aBogotabBogotad2001-03-20eDesconocidohVol 27, Nro 2 (01/06/2006)l0oSEp008493r2015-03-25 00:00:00tEj. 1w2015-03-25xDonacionyREVISTA